Movies Quiz

Random Movies or Animal Quiz

100 Tiny Disney Animals Quiz Stats

 Plays Quiz Updated Dec 25, 2017

Challenge
Share
Tweet
Score 0/100 Timer 15:00
20 Plays Today
Hint Answer % Correct
Indian python
96.8%
Bee
94.5%
Cat
94.4%
Lion
93%
Shark
91.8%
Dog
91.6%
Blue whale
91.2%
Duck
90.9%
Horse
90.9%
Black panther
90.6%
Pig
90.3%
Tiger
89.9%
Rabbit
89.7%
Bald eagle
89.4%
Elephant
89%
Squirrel
89%
Mouse
88.6%
Gorilla
88.5%
Bear
88.4%
Tortoise
88.4%
Warthog
88.3%
Deer
88.2%
Crocodile
87.1%
Skunk
87.1%
Rooster
87%
Penguin
86.9%
Cow
86.5%
Crab
86.1%
Goose
86.1%
Zebra
85.1%
Kangaroo
84.9%
Fox
84.7%
Hyena
84.3%
Chipmunk
84%
Hint Answer % Correct
Alligator
83.7%
Starfish
83.5%
Walrus
83.3%
Meerkat
82.4%
Donkey
82%
Seal
81.8%
Flamingo
81.8%
Owl
81.7%
Hippo
81.5%
Butterfly
81%
Parrot
81%
Monkey
80.4%
Frog
79%
Pigeon
78.9%
Moose
78.7%
Ostrich
78.2%
Hummingbird
77.3%
Sloth
76.6%
Vulture
76.1%
Raven
75.7%
Seahorse
75.3%
Llama
75.1%
Giraffe
74.6%
Toucan
74.3%
Hamster
73.5%
Beaver
73.4%
Koala
73.1%
Mandrill
72.7%
Grasshopper
72.6%
Beetle
72.5%
Raccoon
72.5%
Orangutan
71.5%
Chameleon
71.5%
Bat
71.4%
Hint Answer % Correct
Woodpecker
70.8%
Firefly
70.1%
Cricket
69.5%
Rhino
69.2%
Stork
67.9%
Pufferfish
67.7%
Pelican
67.4%
Sheep
66.2%
Cheetah
65.9%
Dove
65.9%
Goanna
63.7%
Hedgehog
62.9%
Fly
61.9%
Dolphin
61.2%
Camel
59.3%
Goat
58.7%
Eel
57.8%
Otter
56%
Opossum
54.4%
Goldfish
54.3%
Buffalo
50.2%
Caterpillar
49%
Hare
47.9%
Anteater
45.5%
Oyster
41.8%
Mole
38.9%
Badger
37%
Albatross
36.6%
Wildebeest
35.9%
Hornbill
30%
Shrew
15.9%
Echidna
10.8%

You're not logged in!

Compare scores with friends on all Sporcle quizzes.
OR
Log In

You Might Also Like...

Show Comments

Extras

Top Quizzes Today


Score Distribution

Your Account Isn't Verified!

In order to create a playlist on Sporcle, you need to verify the email address you used during registration. Go to your Sporcle Settings to finish the process.

Report this User

Report this user for behavior that violates our Community Guidelines.

Details: